[Event "University of Alberta op"]
[Site "Edmonton"]
[Date "2005.05.08"]
[Round "4"]
[White "Kazakevich, Alexander"]
[Black "Siwila, Gift"]
[Result "1/2-1/2"]
[WhiteElo "1591"]
[BlackElo "1627"]
[PlyCount "155"]
[EventDate "2005.05.07"]
[EventType "swiss"]
[EventRounds "5"]
[EventCountry "CAN"]
[SourceTitle "CBM 106 Extra"]
[Source "ChessBase"]
[SourceDate "2005.07.01"]
[SourceVersion "1"]
[SourceVersionDate "2005.07.01"]
[SourceQuality "1"]

1. e4 e5 2. Nf3 Nc6 3. d4 d6 4. Bb5 a6 5. Bc4 Bg4 6. Qd3 Bxf3 7. Qxf3 Qf6 8. Qb3 Rb8 9. d5 Nd4 10. Qd3 b5 11. Bb3 Nh6 12. c3 Nxb3 13. axb3 Be7 14. Rxa6 0-0 15. b4 Qh4 16. 0-0 f5 17. Bxh6 fxe4 18. Qe2 gxh6 19. g3 Qh3 20. Qxe4 Rf5 21. Qg2 Qg4 22. f3 Qg6 23. Nd2 Bg5 24. Qe2 Qf7 25. Qd3 Bxd2 26. Qxd2 Rxf3 27. Rxf3 Qxf3 28. Qg2 Qd1+ 29. Qf1 Qxd5 30. Ra7 Rf8 31. Qe2 Qc6 32. Qg4+ Kh8 33. Ra1 Qb6+ 34. Kg2 Qf2+ 35. Kh3 Qxb2 36. Ra7 Qxc3 37. Qd7 Qf3 38. Rxc7 Qf1+ 39. Kh4 Qf6+ 40. Kh3 Qg6 41. Qxb5 Ra8 42. Qc4 Rd8 43. b5 d5 44. Qc6 d4 45. b6 d3 46. b7 Qxc6 47. Rxc6 d2 48. Rc8 d1Q 49. b8Q Qf1+ 50. Kg4 Qe2+ 51. Kh3 Qh5+ 52. Kg2 Rxc8 53. Qxc8+ Kg7 54. Qd7+ Kg8 55. Qe6+ Kf8 56. Qf6+ Ke8 57. Qh8+ Kd7 58. Qxh7+ Kd6 59. Qd3+ Kc5 60. Qe3+ Kd5 61. Qd3+ Ke6 62. Qc4+ Kd6 63. Qd3+ Kc5 64. Qe3+ Kc4 65. Qe4+ Kc3 66. Qe3+ Kc2 67. Qf2+ Kd3 68. Qb6 e4 69. Qa6+ Kd4 70. Qb6+ Kc3 71. Qc6+ Kd4 72. Qb6+ Kd3 73. Qa6+ Kd2 74. Qd6+ Ke2 75. Qa6+ Ke1 76. Qf1+ Kd2 77. Qf4+ Kd3 78. Qd6+ 1/2-1/2